[Event "World Blitz 2025"]
[Site "Doha QAT"]
[Date "2025.12.29"]
[Round "11.91"]
[White "Gaehwiler, Gabriel"]
[Black "Wojtaszek, Radoslaw"]
[Result "0-1"]
[WhiteTitle "IM"]
[BlackTitle "GM"]
[WhiteElo "2382"]
[BlackElo "2667"]
[WhiteFideId "1314530"]
[BlackFideId "1118358"]
[EventDate "2025.12.29"]

1. d4 Nf6 2. Nf3 e6 3. Bf4 b6 4. e3 Bb7 5. Bd3 c5 6. Nbd2 Be7 7. h3 Nc6 8. c3
O-O 9. O-O Rc8 10. Rc1 h6 11. Bb1 cxd4 12. exd4 Nd5 13. Bh2 b5 14. Ne4 d6 15.
Qd3 f5 16. Ned2 a6 17. Rfe1 Qd7 18. Qe2 Rf6 19. a3 Bf8 20. Ba2 Nce7 21. c4 bxc4
22. Nxc4 Ng6 23. Qd2 Kh7 24. Na5 Rxc1 25. Qxc1 Ba8 26. Qd2 Be7 27. Bc4 Nc7 28.
Qe2 Qa4 29. b4 Qxa3 30. Qd3 Qxb4 31. Ra1 Nd5 32. Qb3 Qxb3 33. Nxb3 Ndf4 34. Ne1
Rf8 35. Rxa6 Rc8 36. Bf1 Bd5 37. Nd2 Rc1 38. Nef3 Bxf3 39. gxf3 Nxh3+ 40. Kg2
Nhf4+ 41. Kg1 Rd1 42. Nc4 Ne2+ 43. Kg2 Nxd4 44. Nxd6 Nh4+ 45. Kh3 Rxf1 0-1

[Event "World Blitz 2025"]
[Site "Doha QAT"]
[Date "2025.12.29"]
[Round "11.92"]
[White "Dardha, Daniel"]
[Black "Klukin, Kirill"]
[Result "0-1"]
[WhiteTitle "GM"]
[BlackTitle "IM"]
[WhiteElo "2603"]
[BlackElo "2414"]
[WhiteFideId "240990"]
[BlackFideId "24199273"]
[EventDate "2025.12.29"]

1. Nf3 e6 2. b3 f5 3. Bb2 Nf6 4. g3 d5 5. Bg2 Bd6 6. O-O O-O 7. c4 c6 8. d4 Qe7
9. Qc1 b6 10. Nbd2 Bb7 11. Ne5 Nbd7 12. Ndf3 Rac8 13. a4 c5 14. e3 a5 15. Qb1
Ne4 16. Nxd7 Qxd7 17. Rd1 Rfd8 18. dxc5 Nxc5 19. Qa2 dxc4 20. bxc4 Qe7 21. Nd4
Bxg2 22. Kxg2 Ne4 23. c5 Nxc5 24. Nxf5 Qb7+ 25. Kg1 Bf8 26. Nd4 Qf7 27. Ba3 Ne4
28. Bxf8 Nc3 29. Qb2 Nxd1 30. Rxd1 Rxf8 31. Nb5 Rcd8 32. Rc1 Qf3 33. Nd4 Qd5 34.
Qxb6 Rde8 35. Qb2 e5 36. Nb5 Rd8 37. Nc3 Qf3 38. Qc2 Kh8 39. Ne4 h6 40. Rf1 Rc8
41. Qb1 Rb8 42. Qc2 Rbc8 43. Qb1 Qf5 44. Kg2 Rc4 45. Nd2 Qxb1 46. Rxb1 Rxa4 47.
Rb5 Re8 48. Kf3 e4+ 49. Kf4 Rf8+ 50. Ke5 Rxf2 51. Nxe4 Rf8 52. Nd6 Ra2 53. e4 a4
54. Ra5 a3 55. Ra7 Kh7 56. Nf5 Re8+ 57. Kd4 Rg8 58. h4 Ra1 59. h5 a2 60. Ke5
Re8+ 61. Ne7 Rxe7+ 62. Rxe7 Re1 0-1

[Event "World Blitz 2025"]
[Site "Doha QAT"]
[Date "2025.12.29"]
[Round "11.93"]
[White "Rakotomaharo, Fy Antenaina"]
[Black "Idani, Pouya"]
[Result "1-0"]
[WhiteTitle "IM"]
[BlackTitle "GM"]
[WhiteElo "2434"]
[BlackElo "2611"]
[WhiteFideId "13100050"]
[BlackFideId "12510130"]
[EventDate "2025.12.29"]

1. e4 e5 2. Nf3 d6 3. Bc4 Be7 4. O-O Nf6 5. d3 O-O 6. Re1 c6 7. a4 h6 8. Ba2
Nbd7 9. Nbd2 Nc5 10. a5 Be6 11. Bxe6 Nxe6 12. Nf1 Re8 13. Ng3 Bf8 14. c3 Qc7 15.
d4 Rad8 16. Qc2 g6 17. h3 Bg7 18. Be3 exd4 19. cxd4 Nf8 20. d5 c5 21. Nd2 N8d7
22. Nc4 Ne5 23. Nxe5 Rxe5 24. b4 Nd7 25. Rac1 b6 26. Qd2 bxa5 27. bxc5 Nxc5 28.
Bxh6 Bxh6 29. Qxh6 Qb6 30. Rb1 Qc7 1-0

[Event "World Blitz 2025"]
[Site "Doha QAT"]
[Date "2025.12.29"]
[Round "11.94"]
[White "Warmerdam, Max"]
[Black "Urkedal, Frode Olav Olsen"]
[Result "1-0"]
[WhiteTitle "GM"]
[BlackTitle "GM"]
[WhiteElo "2573"]
[BlackElo "2568"]
[WhiteFideId "1048104"]
[BlackFideId "1506102"]
[EventDate "2025.12.29"]

1. Nf3 d5 2. g3 g6 3. c4 dxc4 4. Na3 Bg7 5. Nxc4 Nc6 6. d3 e5 7. Bd2 a5 8. Bc3
Qe7 9. Bg2 Nh6 10. O-O O-O 11. e4 Ng4 12. h3 b5 13. hxg4 bxc4 14. Qa4 Nd4 15.
Bxd4 exd4 16. Qxc4 Bxg4 17. Nxd4 Qb4 18. e5 Qxc4 19. dxc4 Rab8 20. Rab1 c5 21.
Nc6 Rb6 22. f4 a4 23. b4 axb3 24. Rxb3 Ra6 25. Rf2 f6 26. Bd5+ Kh8 27. Nb8 Ra7
28. e6 Re8 29. Nc6 Rc7 30. Rb8 Rxb8 31. Nxb8 Re7 32. Nc6 Re8 33. Rb2 h5 34. Rb8
Rxb8 35. Nxb8 Bf8 36. Nc6 Bd6 37. a4 1-0

[Event "World Blitz 2025"]
[Site "Doha QAT"]
[Date "2025.12.29"]
[Round "11.95"]
[White "Akobian, Varuzhan"]
[Black "Ohanyan, Emin"]
[Result "0-1"]
[WhiteTitle "GM"]
[BlackTitle "GM"]
[WhiteElo "2549"]
[BlackElo "2493"]
[WhiteFideId "13300580"]
[BlackFideId "13312022"]
[EventDate "2025.12.29"]

1. d4 d5 2. c4 c6 3. cxd5 cxd5 4. Nf3 Nf6 5. Nc3 Nc6 6. Bf4 a6 7. Rc1 Bf5 8. e3
e6 9. Qb3 Na5 10. Qa4+ Nc6 11. Ne5 Qb6 12. Be2 Be7 13. O-O O-O 14. Nxc6 bxc6 15.
Qb3 Qxb3 16. axb3 Rfc8 17. Ra1 a5 18. Rfc1 Nd7 19. Na4 f6 20. g4 Bg6 21. h4 e5
22. Bg3 h6 23. h5 Bh7 24. f3 Kf7 25. Kf2 Ke6 26. Bf1 c5 27. Bb5 Rab8 28. Bxd7+
Kxd7 29. dxc5 Ke6 30. Rc3 Rb5 31. Rac1 Rc6 32. f4 Be4 33. f5+ Kd7 34. Ke2 Kc7
35. Bf2 Kb7 36. Kd2 Ka6 37. Ke2 Rb4 38. Bg1 Bg2 39. Kf2 Rxg4 40. Nb6 Be4 41. Kf1
Rxc5 42. Nd7 Rxc3 43. bxc3 Bxf5 44. Nb8+ 0-1

[Event "World Blitz 2025"]
[Site "Doha QAT"]
[Date "2025.12.29"]
[Round "11.96"]
[White "Nesterov, Arseniy"]
[Black "Bilguun, Sumiya"]
[Result "1-0"]
[WhiteTitle "GM"]
[BlackTitle "GM"]
[WhiteElo "2595"]
[BlackElo "2442"]
[WhiteFideId "24198455"]
[BlackFideId "4901541"]
[EventDate "2025.12.29"]

1. d4 d5 2. c4 e6 3. Nc3 Be7 4. cxd5 exd5 5. Bf4 Nf6 6. e3 c6 7. Bd3 Nbd7 8. h3
Nf8 9. Nf3 Ne6 10. Bh2 O-O 11. O-O g6 12. Rb1 a5 13. a3 Ng7 14. b4 axb4 15. axb4
b5 16. Ne5 Qb6 17. Qc2 Bf5 18. Rfc1 Bxd3 19. Nxd3 Nf5 20. Ne2 Rfc8 21. Ra1 Rxa1
22. Rxa1 Ne4 23. Ra3 Nfd6 24. Qa2 Nc4 25. Ra7 Qd8 26. Qa6 Bd6 27. Bxd6 Nexd6 28.
Ne5 Qe8 29. Nf4 Nxe5 30. dxe5 Qxe5 31. Rd7 Re8 32. Qxc6 Ne4 33. Rxd5 Qa1+ 34.
Kh2 Rf8 35. Qc2 Re8 36. Rxb5 Qf1 37. Nd3 Nxf2 38. Qxf2 Qxd3 39. Rb7 Qd6+ 40. Qf4
Qd5 41. Rb8 Rxb8 42. Qxb8+ Kg7 43. b5 Qe4 44. b6 Qxe3 45. Qc7 g5 46. b7 g4 47.
b8=Q 1-0

[Event "World Blitz 2025"]
[Site "Doha QAT"]
[Date "2025.12.29"]
[Round "11.69"]
[White "Agmanov, Zhandos"]
[Black "Yilmaz, Mustafa"]
[Result "1-0"]
[WhiteTitle "IM"]
[BlackTitle "GM"]
[WhiteElo "2471"]
[BlackElo "2595"]
[WhiteFideId "13708309"]
[BlackFideId "6302718"]
[EventDate "2025.12.29"]

1. e4 e5 2. Nf3 Nc6 3. Nc3 Nf6 4. d4 exd4 5. Nxd4 Bb4 6. Nxc6 bxc6 7. Bd3 d5 8.
exd5 O-O 9. O-O cxd5 10. h3 c6 11. Qf3 Re8 12. Bf4 Nd7 13. a3 Bxc3 14. bxc3 Nc5
15. c4 Be6 16. Rfe1 Nxd3 17. cxd3 Qf6 18. Rac1 g5 19. Be3 Qxf3 20. gxf3 f6 21.
Kg2 Kf7 22. Bc5 a6 23. Bd6 Rad8 24. c5 Bf5 25. d4 Bd3 26. Re3 Rxe3 27. fxe3 Rd7
28. Rd1 Bc2 29. Rd2 Ba4 30. Rb2 Bb5 31. Rb4 a5 32. Rb2 a4 33. Kg3 h5 34. h4 Kg6
35. e4 dxe4 36. fxe4 Bd3 37. Kf3 Rd8 38. Ke3 Bc4 39. d5 cxd5 40. Kd4 Bb3 41.
exd5 g4 42. Re2 Kf5 43. Rf2+ Kg6 44. Re2 Kf5 45. Re3 Kg6 46. Re6 Kf5 47. Re7 Kg6
48. Re6 Kf5 49. c6 g3 50. c7 Rg8 51. Re2 Kg4 52. Rg2 Rc8 53. Rxg3+ Kxh4 54. Rg7
Bc2 55. Be7 Kh3 56. Bxf6 Bf5 57. d6 h4 58. d7 Bxd7 59. Rxd7 1-0

[Event "World Blitz 2025"]
[Site "Doha QAT"]
[Date "2025.12.29"]
[Round "11.70"]
[White "Davtyan, Artur"]
[Black "Ansat, Aldiyar"]
[Result "0-1"]
[WhiteTitle "IM"]
[BlackTitle "IM"]
[WhiteElo "2474"]
[BlackElo "2479"]
[WhiteFideId "13308327"]
[BlackFideId "13715658"]
[EventDate "2025.12.29"]

1. e4 c5 2. Nc3 Nc6 3. Bb5 Nd4 4. Bc4 e6 5. Nge2 a6 6. a4 Nf6 7. O-O d5 8. exd5
exd5 9. Ba2 Bd6 10. d3 h6 11. Nxd4 cxd4 12. Ne2 Qb6 13. Ng3 O-O 14. Nh5 Nxh5 15.
Qxh5 Qc7 16. Bxd5 Qxc2 17. Qg6 Be5 18. Bxh6 Qc5 19. Ba2 Bf5 20. Qg5 Rfe8 21.
Rfe1 Bf6 22. Qg3 Qb4 23. Rxe8+ Rxe8 24. h4 Qxb2 25. Bxf7+ 0-1

[Event "World Blitz 2025"]
[Site "Doha QAT"]
[Date "2025.12.29"]
[Round "11.71"]
[White "Rodrigue-Lemieux, Shawn"]
[Black "Shogdzhiev, Roman"]
[Result "1-0"]
[WhiteTitle "GM"]
[BlackTitle "IM"]
[WhiteElo "2517"]
[BlackElo "2403"]
[WhiteFideId "2620049"]
[BlackFideId "55653537"]
[EventDate "2025.12.29"]

1. e4 c5 2. Nf3 d6 3. Bb5+ Nd7 4. O-O a6 5. Bd3 g6 6. c3 Bg7 7. Bc2 Ne5 8. Ne1
Nc6 9. d3 Nf6 10. f4 O-O 11. Nf3 b5 12. Qe1 Nd7 13. Be3 e6 14. Nbd2 Bb7 15. Rd1
Rc8 16. Bb1 f5 17. d4 cxd4 18. cxd4 Nf6 19. d5 Ne7 20. dxe6 fxe4 21. Ng5 d5 22.
Ndxe4 Nf5 23. Bf2 Nxe4 24. Bxe4 h6 25. Nf7 Qe7 26. Bxf5 gxf5 27. Bh4 Qc5+ 28.
Kh1 d4 29. e7 Rfe8 30. Qe6 Bd5 31. Nxh6+ Kh8 32. Nf7+ Kg8 33. Nh6+ Kh8 34. Qg6
Qc6 35. Nf7+ Kg8 36. Nh6+ Kh8 37. Qxc6 Rxc6 38. Nxf5 Rg6 39. Rf2 Bf6 40. Bxf6+
Rxf6 41. Nxd4 Rxe7 42. Kg1 Re3 43. Re2 Rxe2 44. Nxe2 Bxa2 45. Rd8+ Kg7 46. g4
Bc4 47. Ng3 Kf7 48. f5 Rc6 49. g5 Ke7 50. Rd2 a5 51. f6+ Ke6 52. Rd4 a4 53. Re4+
Kf7 54. Nf5 a3 55. bxa3 Bd3 56. Re7+ Kg6 57. Rg7+ Kxf5 58. f7 Rc1+ 59. Kf2 Kg4
60. Ke3 Bc4 61. f8=Q 1-0

[Event "World Blitz 2025"]
[Site "Doha QAT"]
[Date "2025.12.29"]
[Round "11.72"]
[White "Nurgaliyev, Sauat"]
[Black "Volokitin, Andrei"]
[Result "1/2-1/2"]
[WhiteTitle "IM"]
[BlackTitle "GM"]
[WhiteElo "2437"]
[BlackElo "2619"]
[WhiteFideId "13726285"]
[BlackFideId "14107090"]
[EventDate "2025.12.29"]

1. e4 c5 2. Nf3 d6 3. d4 cxd4 4. Nxd4 Nf6 5. Nc3 a6 6. Bd3 g6 7. f3 Qb6 8. a3
Nbd7 9. Be3 Nc5 10. Nb3 Be6 11. Bxc5 dxc5 12. Na4 Qc7 13. Naxc5 Bxb3 14. Nxb3
Bh6 15. O-O Bf4 16. g3 Bxg3 17. hxg3 Qxg3+ 18. Kh1 Qh3+ 19. Kg1 Qg3+ 20. Kh1 1/2-1/2

[Event "World Blitz 2025"]
[Site "Doha QAT"]
[Date "2025.12.29"]
[Round "11.73"]
[White "Tin, Jingyao"]
[Black "Gharibyan, Mamikon"]
[Result "1/2-1/2"]
[WhiteTitle "GM"]
[BlackTitle "GM"]
[WhiteElo "2584"]
[BlackElo "2491"]
[WhiteFideId "5804418"]
[BlackFideId "13308300"]
[EventDate "2025.12.29"]

1. d4 Nf6 2. c4 e6 3. Nc3 d5 4. cxd5 exd5 5. Bg5 Be7 6. e3 O-O 7. Bd3 Re8 8. h3
h6 9. Bf4 c5 10. Nf3 Nc6 11. O-O c4 12. Bc2 Bd6 13. Bxd6 Qxd6 14. b3 cxb3 15.
Bxb3 Bf5 16. Bc2 Be6 17. Rb1 Rab8 18. Nb5 Qe7 19. Ne5 Rec8 20. Nxc6 bxc6 21. Nc3
c5 22. dxc5 Qxc5 23. Ne2 Ne4 24. Rxb8 Rxb8 25. Nd4 Bd7 26. Qc1 Nc3 27. Bd3 Rc8
28. Qb2 Na4 29. Qb7 Rc7 30. Qb8+ Rc8 31. Qe5 Re8 32. Qf4 Nb6 33. Bf5 Bb5 34. Rb1
Bc4 35. Rc1 Qe7 36. Rc2 Qf6 37. Qg3 g6 38. Bg4 a5 39. Qc7 Kg7 40. Rb2 Na4 41.
Rb7 h5 42. Bd7 Re7 43. Qc8 Nb6 44. Qd8 Rxd7 45. Rxd7 Nxd7 46. Qxd7 Bxa2 47. Qa4
Bc4 48. Qxa5 h4 49. Qc7 Bd3 50. Qd7 Qe5 51. Qg4 g5 52. Nf3 Qa1+ 53. Kh2 f6 54.
Nxh4 Qe5+ 55. g3 Be4 56. Qd7+ Kh6 57. Ng2 Qb2 58. Qf7 Qxf2 59. Qf8+ Kh7 60. Qf7+
Kh6 61. Qf8+ Kg6 62. Qe8+ Kg7 63. Qe7+ Kg8 64. Qe8+ Kg7 65. Qe7+ Kg6 66. Qe8+
Kg7 67. Qe7+ 1/2-1/2

[Event "World Blitz 2025"]
[Site "Doha QAT"]
[Date "2025.12.29"]
[Round "11.74"]
[White "Zverev, Lev"]
[Black "Meng, Yihan"]
[Result "1-0"]
[WhiteTitle "IM"]
[BlackTitle "IM"]
[WhiteElo "2453"]
[BlackElo "2456"]
[WhiteFideId "24250775"]
[BlackFideId "8631891"]
[EventDate "2025.12.29"]

1. e4 e6 2. d4 d5 3. Nc3 Nf6 4. e5 Nfd7 5. f4 c5 6. Nf3 Nc6 7. Be3 a6 8. Ne2 Qb6
9. Qc1 f6 10. c3 Be7 11. g3 cxd4 12. Nexd4 fxe5 13. Nxe6 Nc5 14. Nxc5 Bxc5 15.
Bxc5 Qxc5 16. Nxe5 Nxe5 17. fxe5 Bf5 18. Bg2 Be4 19. Bxe4 dxe4 20. Qg5 Rd8 21.
Rd1 Rxd1+ 22. Kxd1 O-O 23. Re1 h6 24. Qe3 Qd5+ 25. Kc1 Qxa2 26. Qxe4 Rf2 27. Re2
Rf1+ 28. Kc2 Qb1+ 29. Kb3 Qd1+ 30. Rc2 Re1 31. Qxb7 Re2 32. Qc8+ Kh7 33. Qf5+
Kh8 34. e6 Rxc2 35. Qxc2 Qd5+ 36. c4 Qxe6 37. Qd3 Qb6+ 38. Kc3 Qf6+ 39. Qd4 Qf3+
40. Kb4 Qe2 41. h4 Qf3 42. Qe5 Qg4 43. Qe8+ Kh7 44. Qe5 h5 45. Kc5 a5 46. Kb5
Kh6 47. c5 Qb4+ 48. Ka6 Kh7 1-0

[Event "World Blitz 2025"]
[Site "Doha QAT"]
[Date "2025.12.29"]
[Round "11.75"]
[White "Karthik, Venkataraman"]
[Black "Al Hosani, Omran"]
[Result "1-0"]
[WhiteTitle "GM"]
[BlackTitle "IM"]
[WhiteElo "2589"]
[BlackElo "2340"]
[WhiteFideId "25006479"]
[BlackFideId "9308733"]
[EventDate "2025.12.29"]

1. c4 d6 2. Nc3 Nd7 3. d4 e5 4. Nf3 Ngf6 5. e4 c6 6. Be2 Be7 7. O-O O-O 8. Re1
Re8 9. Bf1 Bf8 10. d5 a5 11. b3 Nc5 12. h3 g6 13. Rb1 Bd7 14. a3 cxd5 15. cxd5
a4 16. b4 Nb3 17. Bg5 h6 18. Bh4 g5 19. Bg3 Bg7 20. Nd2 Nd4 21. Rc1 b5 22. Ne2
Qb6 23. Nxd4 exd4 24. Bd3 Rac8 25. Rxc8 Rxc8 26. h4 Rc3 27. Nb1 Rc8 28. hxg5
hxg5 29. Qd2 Nh7 30. e5 dxe5 31. Bxe5 f6 32. Bxd4 Qd6 33. Bc5 Qb8 34. Nc3 Nf8
35. d6 Re8 36. Rxe8 Qxe8 37. Qe2 Qf7 38. Nxb5 Ne6 39. Bc4 Kh8 40. Nc7 Nf4 41.
Bxf7 Nxe2+ 42. Kf1 Nc3 43. Bd4 Ne4 44. Be8 Bxe8 45. Nxe8 Bf8 46. Nxf6 Nxd6 47.
Nd7+ Kg8 48. Nxf8 Nb5 49. Ne6 Nxa3 50. Nc5 Nc2 51. Bc3 a3 52. b5 1-0

[Event "World Blitz 2025"]
[Site "Doha QAT"]
[Date "2025.12.29"]
[Round "11.76"]
[White "Musovic, Armin"]
[Black "Kobalia, Mikhail"]
[Result "0-1"]
[WhiteTitle "FM"]
[BlackTitle "GM"]
[WhiteElo "2190"]
[BlackElo "2537"]
[WhiteFideId "939935"]
[BlackFideId "4119150"]
[EventDate "2025.12.29"]

1. a3 e5 2. d4 exd4 3. Qxd4 Nc6 4. Qa4 Nf6 5. Nc3 d6 6. Bg5 Be7 7. O-O-O O-O 8.
e3 Ng4 9. Bxe7 Qxe7 10. Nd5 Qd8 11. Nh3 Ne7 12. Be2 Nxd5 13. Bxg4 Nb6 14. Qf4
Bxg4 15. Qxg4 Qf6 16. Rd4 Rae8 17. Rhd1 Re5 18. Rf4 Qg6 19. Qxg6 hxg6 20. Rfd4
g5 21. Ng1 f6 22. b3 Rfe8 23. a4 a5 24. Nf3 Re4 25. h3 d5 26. Rxe4 Rxe4 27. Nd4
c6 28. Nf5 Nc8 29. c4 Re5 30. g4 g6 31. Ng3 Nb6 32. cxd5 Nxd5 33. Kb2 Kf7 34. e4
Nf4 35. f3 Ke7 36. Rh1 Rc5 37. h4 gxh4 38. Rxh4 Nd3+ 39. Ka2 Rc2+ 40. Ka1 Rg2
41. Rh7+ Kd6 42. Nh1 b6 43. Rh3 Kc5 44. g5 fxg5 45. Ng3 Nf4 0-1

[Event "World Blitz 2025"]
[Site "Doha QAT"]
[Date "2025.12.29"]
[Round "11.97"]
[White "Aditya, Mittal"]
[Black "Aravindh, Chithambaram VR."]
[Result "0-1"]
[WhiteTitle "GM"]
[BlackTitle "GM"]
[WhiteElo "2624"]
[BlackElo "2703"]
[WhiteFideId "35042025"]
[BlackFideId "5072786"]
[EventDate "2025.12.29"]

1. e4 c6 2. d4 d5 3. exd5 cxd5 4. c4 Nf6 5. Nc3 e6 6. Nf3 Bb4 7. cxd5 exd5 8.
Bd3 O-O 9. O-O h6 10. Bf4 Nc6 11. h3 Bd6 12. Qd2 a6 13. Rfe1 Bxf4 14. Qxf4 Qb6
15. Re2 Be6 16. Na4 Qa7 17. Nc5 Rae8 18. Rae1 Bc8 19. Rxe8 Rxe8 20. Rxe8+ Nxe8
21. Ne5 Nd8 22. Qf3 Nf6 23. Qe2 a5 24. g4 b6 25. Nb3 Ne6 26. Qe3 Qc7 27. Bf5 Ng5
28. Bxc8 Qxc8 29. Qd3 a4 30. Nd2 Qc1+ 31. Kg2 Ne6 32. Qe3 Qxb2 33. Ndf3 Qxa2 34.
g5 hxg5 35. Nxg5 Nxg5 36. Qxg5 Qxf2+ 37. Kxf2 Ne4+ 38. Ke3 Nxg5 39. h4 a3 0-1

[Event "World Blitz 2025"]
[Site "Doha QAT"]
[Date "2025.12.29"]
[Round "11.98"]
[White "Le, Tuan Minh"]
[Black "Harikrishnan, A. Ra"]
[Result "0-1"]
[WhiteTitle "GM"]
[BlackTitle "GM"]
[WhiteElo "2598"]
[BlackElo "2531"]
[WhiteFideId "12401153"]
[BlackFideId "5081483"]
[EventDate "2025.12.29"]

1. d4 d5 2. Nf3 c6 3. Bf4 Qb6 4. Qc1 Nf6 5. e3 Bf5 6. c4 e6 7. Nc3 Nbd7 8. Be2
Be7 9. O-O O-O 10. h3 h6 11. Rd1 Ne4 12. a3 a5 13. c5 Qd8 14. b4 axb4 15. axb4
b5 16. Nxe4 Bxe4 17. Nd2 Bf5 18. Nb3 Bf6 19. Bd6 Re8 20. f4 Be4 21. Qb2 Be7 22.
Rxa8 Qxa8 23. Ra1 Qc8 24. Bxe7 Rxe7 25. Qa3 Nb8 26. Qa8 g5 27. fxg5 hxg5 28. Ra7
Rxa7 29. Qxa7 Nd7 30. Na5 Qb8 31. Qxb8+ Nxb8 32. g3 Bg6 33. h4 gxh4 34. gxh4 f6
35. Kf2 Be8 36. Bg4 f5 37. Be2 Na6 38. Kg3 Kg7 39. Kf4 Kf6 40. Nb7 Nxb4 41. Nd6
Bg6 42. Nc8 Na2 43. Nb6 b4 44. Bd1 Nc3 45. Bc2 Ne2+ 46. Kf3 Bh5+ 47. Kf2 Nc1 48.
Nd7+ Kg7 49. Ne5 Be8 50. Ke1 b3 51. Bb1 b2 52. Kd2 Kh6 53. Kc3 Kh5 54. Kxb2 Ne2
55. Kc2 Kxh4 56. Kd2 Ng3 57. Bc2 Ne4+ 58. Ke2 Kg3 59. Bxe4 dxe4 60. Nc4 Bh5+ 61.
Kd2 Kf2 62. Nd6 Bg4 63. Nc4 Be2 64. Nd6 Bd3 65. Nf7 f4 66. exf4 e3+ 67. Kxd3 e2
68. Ne5 e1=Q 69. Nxc6 Qe2+ 70. Kc3 Qf3+ 0-1

[Event "World Blitz 2025"]
[Site "Doha QAT"]
[Date "2025.12.29"]
[Round "11.99"]
[White "Begmuratov, Khumoyun"]
[Black "Anton Guijarro, David"]
[Result "0-1"]
[WhiteTitle "IM"]
[BlackTitle "GM"]
[WhiteElo "2451"]
[BlackElo "2646"]
[WhiteFideId "14210207"]
[BlackFideId "2285525"]
[EventDate "2025.12.29"]

1. e4 c6 2. d4 d5 3. Nc3 dxe4 4. Nxe4 Nf6 5. Nxf6+ exf6 6. c3 Bd6 7. Bd3 O-O 8.
Ne2 Na6 9. O-O Nc7 10. Ng3 Re8 11. Qh5 g6 12. Qf3 Be6 13. Ne4 Be7 14. Bf4 Nd5
15. Bd2 b6 16. Rfe1 f5 17. Ng3 Bf8 18. Ne2 Qd7 19. Rad1 Nf6 20. c4 Ne4 21. Be3
b5 22. b3 bxc4 23. bxc4 Bb4 24. Rf1 Rab8 25. Nf4 Nc3 26. Rd2 Ne4 27. Rc2 Bd6 28.
h4 Nf6 29. Rd1 Qc8 30. d5 Bd7 31. Bd4 Ng4 32. c5 Be5 33. Bxe5 Nxe5 34. Qg3 cxd5
35. Nxd5 Kg7 36. h5 Bc6 37. h6+ Kxh6 38. Qh4+ Kg7 39. Qf6+ Kh6 40. Ne7 Rxe7 41.
Qxe7 Qe6 42. Qxe6 fxe6 43. Rc3 Bd5 44. Bf1 Nc6 45. Bc4 Ne7 46. Re1 Kg7 47. Rc2
Kf6 48. Bxd5 Nxd5 49. c6 Rc8 50. Rb1 Nb6 51. c7 Ke7 52. a4 Nxa4 53. Rb7 Nb6 54.
Rxa7 Nd5 55. Ra6 Kd7 56. Rcc6 Nxc7 57. Rd6+ Ke7 58. Rac6 Ra8 59. Kh2 Ra2 60. Rd3
Nd5 61. Rf3 h5 62. Kg1 g5 63. Rb3 h4 64. Rb7+ Kf6 65. Rb5 Nf4 66. Rc4 Ra1+ 67.
Kh2 Ra2 68. Kg1 Nd3 69. Rc6 Ra1+ 70. Kh2 Ne5 71. Rxe5 Kxe5 72. Rc5+ Kf6 73. Rc3
Ra2 74. Kg1 g4 75. Rd3 e5 0-1

[Event "World Blitz 2025"]
[Site "Doha QAT"]
[Date "2025.12.29"]
[Round "11.100"]
[White "Vakhidov, Jakhongir"]
[Black "Galaviz Medina, Sion Radamantys"]
[Result "0-1"]
[WhiteTitle "GM"]
[BlackTitle "IM"]
[WhiteElo "2516"]
[BlackElo "2514"]
[WhiteFideId "14201801"]
[BlackFideId "5123119"]
[EventDate "2025.12.29"]

1. c4 e6 2. Nc3 d5 3. d4 Nf6 4. cxd5 exd5 5. Bg5 Be6 6. e3 c6 7. Bd3 Nbd7 8. Nf3
h6 9. Bh4 g5 10. Bg3 Nh5 11. Be5 Nxe5 12. Nxe5 Nf6 13. O-O Nd7 14. f4 gxf4 15.
exf4 Nxe5 16. dxe5 Qb6+ 17. Kh1 O-O-O 18. a3 h5 19. b4 Kb8 20. Qc2 h4 21. Rac1
a6 22. Na4 Qc7 23. Nc5 Bc8 24. a4 Qb6 25. b5 cxb5 26. axb5 axb5 27. Nb3 Rh6 28.
Bxb5 Ba3 29. Qd3 Bxc1 30. Rxc1 d4 31. h3 Rg6 32. Nc5 Rg3 33. Qc4 d3 34. Na4 Qf2
35. Qc7+ Ka7 36. Bc6 d2 37. Rd1 Rdd3 38. Nc5 0-1

[Event "World Blitz 2025"]
[Site "Doha QAT"]
[Date "2025.12.29"]
[Round "11.101"]
[White "Zhang, Zhong"]
[Black "Suleimen, Ergali"]
[Result "1/2-1/2"]
[WhiteTitle "GM"]
[BlackTitle "IM"]
[WhiteElo "2561"]
[BlackElo "2419"]
[WhiteFideId "8600694"]
[BlackFideId "13724452"]
[EventDate "2025.12.29"]

1. e4 c5 2. Nf3 d6 3. Bb5+ Nc6 4. O-O Bd7 5. Re1 a6 6. Bf1 e5 7. c3 Be7 8. d4
cxd4 9. cxd4 Bg4 10. d5 Nd4 11. Be3 Nxf3+ 12. gxf3 Bh5 13. Bh3 Nh6 14. Kh1 O-O
15. Rg1 Kh8 16. Nd2 Bh4 17. Bg4 Bg6 18. Bxh6 gxh6 19. Qe2 Bg5 20. Nf1 h5 21. Bf5
Bf4 22. Rg2 Qf6 23. Ne3 Bxe3 24. fxe3 Bxf5 25. exf5 Qxf5 26. e4 Qf4 27. Rag1
Rac8 28. Rg3 Rc1 29. Rxc1 Qxc1+ 30. Rg1 Qf4 31. Qg2 Qf6 32. Qh3 h4 33. Qg4 h6
34. b4 b5 35. a3 Kh7 36. h3 Rd8 37. Rg2 Rf8 38. Rg1 Re8 39. Rg2 Rf8 40. Rg1 Re8
41. Rg2 1/2-1/2

[Event "World Blitz 2025"]
[Site "Doha QAT"]
[Date "2025.12.29"]
[Round "11.102"]
[White "Piliposyan, Robert"]
[Black "Henriquez Villagra, Cristobal"]
[Result "0-1"]
[WhiteTitle "IM"]
[BlackTitle "GM"]
[WhiteElo "2442"]
[BlackElo "2598"]
[WhiteFideId "13309978"]
[BlackFideId "3409350"]
[EventDate "2025.12.29"]

1. d4 Nf6 2. c4 g6 3. Nc3 Bg7 4. e4 d6 5. Nge2 Nbd7 6. h3 O-O 7. Be3 a6 8. g3 e5
9. Bg2 Rb8 10. a4 exd4 11. Nxd4 Ne5 12. b3 Re8 13. O-O Bd7 14. Re1 Nc6 15. Ra2
Qc8 16. Kh2 Nxd4 17. Bxd4 c5 18. Bxf6 Bxf6 19. Nd5 Bg7 20. f4 b5 21. a5 bxc4 22.
bxc4 Bc6 23. Nb6 Qc7 24. Qd3 Bd4 25. h4 Re7 26. Rae2 Rbe8 27. Bf3 Kg7 28. Kg2
Qb7 29. Rb1 Qc7 30. Rbe1 h5 31. e5 dxe5 32. fxe5 Rxe5 33. Rxe5 Rxe5 34. Rxe5
Bxe5 35. Bxc6 Qxc6+ 36. Nd5 Qe6 37. Qe3 Bd6 38. Qc3+ Qe5 39. Qf3 Qd4 40. Qe2 Qe5
41. Qf3 Qb2+ 42. Kh3 Qc1 43. Nb6 Be5 44. Nd7 Bd4 45. Kg2 Qc2+ 46. Kh3 Qxc4 47.
Nb6 Qe6+ 48. Kg2 Qa2+ 49. Kh3 Qxa5 50. Nd7 Qa2 51. Qa8 Qe6+ 0-1

[Event "World Blitz 2025"]
[Site "Doha QAT"]
[Date "2025.12.29"]
[Round "11.103"]
[White "Ibrahimli, Murad"]
[Black "Jumabayev, Rinat"]
[Result "1-0"]
[WhiteTitle "IM"]
[BlackTitle "GM"]
[WhiteElo "2438"]
[BlackElo "2560"]
[WhiteFideId "13410229"]
[BlackFideId "13702661"]
[EventDate "2025.12.29"]

1. d4 Nf6 2. c4 e6 3. Nf3 Bb4+ 4. Bd2 c5 5. Bxb4 cxb4 6. g3 b6 7. Bg2 Bb7 8. O-O
O-O 9. a3 Na6 10. Re1 Qe7 11. Nbd2 d6 12. Qb3 d5 13. cxd5 Bxd5 14. Qd3 Bb7 15.
Rac1 Rac8 16. e4 bxa3 17. bxa3 Nb8 18. h4 h6 19. e5 Nd5 20. Ne4 Rxc1 21. Rxc1
Rc8 22. Rxc8+ Bxc8 23. Nd6 Ba6 24. Qb3 Qc7 25. Kh2 Qc3 26. Qa4 Qc6 27. Qb3 Qc3
28. Qa4 Qc6 29. Qd1 Qc3 30. Ng1 Nc6 31. Qh5 Nd8 32. Bxd5 exd5 33. e6 Qxd4 34.
exf7+ Kf8 35. Qf5 Qf6 36. Qd7 Bb5 37. Qe8+ 1-0